LEADER 00933nam0-2200301 --450 001 9910733479203321 005 20230803164758.0 010 $a88-7188-844-8 020 $aIT$b2005-2504 100 $a20230803d2004----kmuy0itay5050 ba 101 0 $aita 102 $aIT 105 $a 001yy 200 1 $a<>modernizzazione dell'agricoltura nell'Italia postunitaria 1861-1910$eassociazioni stampa e cultura agraria$fDiomede Ivone 210 $aNapoli$cGuida$d[2004] 215 $a315 p.$d24 cm. 225 1 $aAteneo. Ricerche 610 0 $aAgricoltura$aItalia$a1861-1910 676 $a338.10945$v21 676 $a630.945$v21 700 1$aIvone,$bDiomede$0126293 801 0$aIT$bUNINA$gREICAT$2UNIMARC 901 $aBK 912 $a9910733479203321 952 $aDFT D65.2 IVOD 02$fFLFBC 959 $aFLFBC 996 $a"modernizzazione" dell'agricoltura nell'Italia postunitaria 1861-1910$91036055 997 $aUNINA LEADER 01404nas 2200397 450 001 9910715287303321 005 20210108152526.0 035 $a(CKB)5470000002509148 035 $a(OCoLC)1229187922 035 $a(EXLCZ)995470000002509148 100 $a20210108a20109999 |a 101 0 $aeng 135 $aur||||||||||| 181 $ctxt$2rdacontent 182 $cc$2rdamedia 183 $acr$2rdacarrier 200 00$aInsights into housing and community development policy 210 1$a[Washington, D.C.] :$cU.S. Department of Housing and Urban Development, Office of Policy Development and Research,$d2010- 215 $a1 online resource (volumes) 300 $aEach issue also has a distinctive title. 517 1 $aInsights 606 $aHousing$zUnited States$vPeriodicals 606 $aHousing policy$zUnited States$vPeriodicals 606 $aCommunity development$zUnited States$vPeriodicals 606 $aCity planning$zUnited States$vPeriodicals 615 0$aHousing 615 0$aHousing policy 615 0$aCommunity development 615 0$aCity planning 712 02$aUnited States.$bDepartment of Housing and Urban Development.$bOffice of Policy Development and Research, 801 0$bGPO 801 1$bGPO 906 $aJOURNAL 912 $a9910715287303321 996 $aInsights into housing and community development policy$93290266 997 $aUNINA